Clinical Skills Manual for Principles of Pediatric Nursing : (Record no. 16555)
[ view plain ]
| 000 -LEADER | |
|---|---|
| fixed length control field | 02090cam a22003858a 4500 |
| 001 - CONTROL NUMBER | |
| control field | 16584787 |
| 005 - DATE AND TIME OF LATEST TRANSACTION | |
| control field | 20110331181716.0 |
| 008 - FIXED-LENGTH DATA ELEMENTS--GENERAL INFORMATION | |
| fixed length control field | 101216s2011 mau b 001 0 eng |
| 020 ## - INTERNATIONAL STANDARD BOOK NUMBER | |
| International Standard Book Number | 0132625342 |
| 020 ## - INTERNATIONAL STANDARD BOOK NUMBER | |
| International Standard Book Number | 9780132625340 |
| 040 ## - CATALOGING SOURCE | |
| Original cataloging agency | DNLM/DLC |
| Transcribing agency | DLC |
| Modifying agency | DLC |
| 082 00 - DEWEY DECIMAL CLASSIFICATION NUMBER | |
| Classification number | 618.9200231 |
| Edition number | 22 |
| Item number | BIN |
| 100 1# - MAIN ENTRY--PERSONAL NAME | |
| Personal name | Bindler, Ruth McGillis. |
| 9 (RLIN) | 29259 |
| 245 10 - TITLE STATEMENT | |
| Title | Clinical Skills Manual for Principles of Pediatric Nursing : |
| Remainder of title | Caring for Children / |
| Statement of responsibility, etc | Ruth C. McGillis Bindler, Jane W. Ball, Patricia Wieland Ladewig. |
| 250 ## - EDITION STATEMENT | |
| Edition statement | 5th ed. |
| 260 ## - PUBLICATION, DISTRIBUTION, ETC. (IMPRINT) | |
| Place of publication, distribution, etc | Boston : |
| Name of publisher, distributor, etc | Pearson, |
| Date of publication, distribution, etc | c2011. |
| 300 ## - PHYSICAL DESCRIPTION | |
| Extent | xii, 195 p. : |
| Dimensions | ill. (chiefly col.) ; |
| Other physical details | 28 cm. |
| 500 ## - GENERAL NOTE | |
| General note | Companion v. to: Principles of pediatric nursing / Jane W. Ball, Ruth C. Bindler, and Kay J. Cowen. 5th ed. c2012. |
| 504 ## - BIBLIOGRAPHY, ETC. NOTE | |
| Bibliography, etc | Includes bibliographical references and index. |
| 505 0# - FORMATTED CONTENTS NOTE | |
| Formatted contents note | Protective methods -- Informed consent -- Newborn -- Positioning and restraining therapies -- Transporting the child -- Physical assessment -- Specimen collection -- Administering medications and irrigations to an IV infusion -- Intravenous access -- Pain assessment and management -- Cardiorespiratory care -- Nutrition -- Elimination -- Skin and musculoskeletal care. |
| 650 #0 - SUBJECT ADDED ENTRY--TOPICAL TERM | |
| Topical term or geographic name as entry element | Pediatric nursing. |
| 9 (RLIN) | 29260 |
| 650 12 - SUBJECT ADDED ENTRY--TOPICAL TERM | |
| Topical term or geographic name as entry element | Nursing Care. |
| 9 (RLIN) | 29261 |
| 650 12 - SUBJECT ADDED ENTRY--TOPICAL TERM | |
| Topical term or geographic name as entry element | Pediatric Nursing |
| General subdivision | methods. |
| 9 (RLIN) | 29262 |
| 650 22 - SUBJECT ADDED ENTRY--TOPICAL TERM | |
| Topical term or geographic name as entry element | Child. |
| 9 (RLIN) | 29263 |
| 650 22 - SUBJECT ADDED ENTRY--TOPICAL TERM | |
| Topical term or geographic name as entry element | Infant. |
| 9 (RLIN) | 29264 |
| 650 22 - SUBJECT ADDED ENTRY--TOPICAL TERM | |
| Topical term or geographic name as entry element | Nursing Assessment |
| General subdivision | methods. |
| 9 (RLIN) | 29265 |
| 653 ## - INDEX TERM--UNCONTROLLED | |
| Resource For college | |
| Arrived date list | March2012 |
| 700 1# - ADDED ENTRY--PERSONAL NAME | |
| Personal name | Ball, Jane |
| Fuller form of name | (Jane W.) |
| 9 (RLIN) | 29266 |
| 700 1# - ADDED ENTRY--PERSONAL NAME | |
| Personal name | Ladewig, Patricia W. |
| 9 (RLIN) | 29267 |
| 700 1# - ADDED ENTRY--PERSONAL NAME | |
| Personal name | Ball, Jane |
| Fuller form of name | (Jane W.). |
| Title of a work | Principles of pediatric nursing. |
| 9 (RLIN) | 29268 |
| 942 ## - ADDED ENTRY ELEMENTS (KOHA) | |
| Source of classification or shelving scheme | Dewey Decimal Classification |
| Item type | |
| Withdrawn status | Item status | Source of classification or shelving scheme | Damaged status | Not for loan | Vendor | Home library | Current library | Shelving location | Date acquired | Source of acquisition | Cost, normal purchase price | Serial Enumeration / chronology | Total Checkouts | Full call number | Barcode | Date last seen | Date last borrowed | Koha item type | Total Renewals |
|---|---|---|---|---|---|---|---|---|---|---|---|---|---|---|---|---|---|---|---|
| Dewey Decimal Classification | Baccah | Central Library | Central Library | First floor | 07/03/2012 | 264.00 | 14487 | 4 | 618.9200231 BIN | 000026356 | 15/07/2025 | 15/04/2013 | NB - Book (Non borrowing) | ||||||
| Dewey Decimal Classification | Baccah | Central Library | Central Library | First floor | 07/03/2012 | 264.00 | 14487 | 10 | 618.9200231 BIN | 000026357 | 15/07/2025 | 27/11/2024 | Book - Borrowing | 45 |